000 00297nam a22001337a 4500
008 170403b xxu||||| |||| 00| 0 eng d
020 _a9780314012456
041 _aeng
080 _a574
100 _a9
101 _aSHM
245 _aESSENTIALS OF METEOROLOGY
_cAHRENS, C.D
942 _2udc
_cBK
999 _c9487
_d9487